Conviction (Record no. 373078)

000 -LEADER
fixed length control field 00349cam a22001337a 4500
008 - FIXED-LENGTH DATA ELEMENTS--GENERAL INFORMATION
fixed length control field 180718b1958 xxu||||| |||| 00| 0 eng d
082 ## - DEWEY DECIMAL CLASSIFICATION NUMBER
Classification number B234x42 M199
245 ## - TITLE STATEMENT
Title Conviction
Statement of responsibility, etc. edited by Norman Mackenzie
260 ## - PUBLICATION, DISTRIBUTION, ETC.
Place of publication, distribution, etc. London
Name of publisher, distributor, etc. MacGibbon & Kee
Date of publication, distribution, etc. 1958
300 ## - PHYSICAL DESCRIPTION
Extent 237p.
500 ## - GENERAL NOTE
General note 18/-
650 ## - SUBJECT ADDED ENTRY--TOPICAL TERM
Topical term or geographic name entry element Socialism - U.K.
700 ## - ADDED ENTRY--PERSONAL NAME
Personal name Mackenzie, Norman
Holdings
Withdrawn status Lost status Damaged status Not for loan Permanent Location Current Location Date acquired Full call number Barcode Date last seen Price effective from Koha item type
        Indian Institute of Public Administration Indian Institute of Public Administration 1994-06-18 B234x42 M199 17666 2018-07-21 2018-07-21 Book

Powered by Koha